000 00533nam a2200229Ia 4500
003 GCL
008 140319s9999 xx 000 0 eng d
040 _aGCL /
_cGCL
082 0 4 _aCC
_b932
_bC A
100 1 _aCROSHER, JUDITH
245 1 0 _aANCIENT EGYPT /
_cCROSHER, JUDITH
260 _a[S.N] :
_bHAM LYN ،
_c1992
300 _a48 P
650 0 4 _aRELIGION
650 0 4 _aANCIENT EGYPT
650 0 4 _aHISTORY
650 0 4 _aART- EGYPT
650 0 4 _aMEDICINE
650 0 4 _aTEMPLES
650 0 4 _aPYRAMIDS
942 _2ddc
_cBK
999 _c11692
_d11692